Advanced Programming in the UNIX Environment /

Gespeichert in:
Bibliographische Detailangaben
Hauptverfasser: Stevens, W. Richard (Verfasst von), Rago, Stephen A. (Verfasst von)
Format: Buch
Sprache:Englisch
Veröffentlicht: New Jersey, Addison-Wesley, 2013
Ausgabe:3. vydanie
Tags: Tag hinzufügen
Keine Tags, Fügen Sie das erste Tag hinzu!

MARC

LEADER 00000nam a22000003a 4500
001 0113467
003 SK-STU
005 20250108123453.3
007 ta
008 250108s ----xo-----e------000-0-----d
020 |a 978-0-321-63773-4 
040 |a STU  |b slo 
041 0 |a eng 
044 |a xxu 
100 1 |a Stevens, W. Richard  |4 aut 
245 1 0 |a Advanced Programming in the UNIX Environment /  |c aut. W. Richard Stevens, Stephen A Rago 
250 |a 3. vydanie 
260 |a New Jersey,  |b Addison-Wesley,  |c 2013 
300 |a 994 s. 
700 1 |a Rago, Stephen A.  |4 aut 
996 |b 284EK90869  |c E* 90869  |l EE35  |s P  |a 0  |w 0113467_0001